00497pab a2200145 454500008003600000100002100036245006400057362002900121650003000150650003700180773003100217909001000248999001700258952007600275180718b xxu||||| |||| 00| 0 eng d aToby Adolphus J. aPractical problems in privatisation the Nigerian experience a73(290) Jan 93, p.359-70 a Privatisation -- Nigeria aGovernment Enterprise -- Nigeria aIndian Journal of Economic a24904 c24904d24904 00104070aIIPAbIIPAd2018-07-19pAR24976r2018-07-19w2018-07-19yAR